|
|
|
|
| LEADER |
00000nmm a22000007a 4500 |
| 001 |
045507 |
| 003 |
UAHC_CL |
| 005 |
20230109172050.0 |
| 008 |
110430s2010 cl o d 000 spa |
| 040 |
|
|
|a UAHC_CL
|c UAHC_CL
|d UAHC_CL
|
| 100 |
|
|
|a Muñoz Parga, Nelly
|9 16804
|
| 245 |
1 |
0 |
|a Elaboración y aplicación de un proyecto de estimulación de las inteligencias múltiples y su impacto en el aprendizaje de las destrezas instrumentales
|c Nelly Andrea Muñoz Parga, Macarena de los Ángeles Molina Reyes, Esteban Rodolfo Salinas Concha ; profesor guía Patricio Alarcón Carvacho.
|
| 260 |
|
|
|a Santiago, Chile :
|b Universidad Academia de Humanismo Cristiano,
|c 2010.
|
| 300 |
|
|
|a 121 páginas.
|
| 500 |
|
|
|a Tesis para optar al título de Profesor/a de Educación Diferencial y al grado de Licenciado/a en Educación.
|
| 502 |
|
|
|a Tesis (Pedagogía en Educación Diferencial) -- Universidad Academia de Humanismo Cristiano, 2010.
|
| 516 |
|
|
|a Tesis electrónica (PDF). Solicitar envío de documento a biblioteca@academia.cl.
|
| 520 |
|
|
|a Esta investigación tiene como finalidad conocer y comprobar si un Programa de Estimulación de las Inteligencias Múltiples, P.E.I.M., puede modificar e impactar de forma positiva, la adquisición y desarrollo de las destrezas instrumentales, en alumnos de un segundo y tercero básico que asisten a un grupo diferencial de la escuela Juan de Dios Aldea de la comuna de la Pintana.
|
| 650 |
|
0 |
|a Música en la educación
|9 4174
|
| 650 |
|
0 |
|a Musicoterapia para niños
|9 15863
|
| 700 |
|
|
|a Molina Reyes, Macarena
|9 16805
|e autora
|
| 700 |
|
|
|a Salinas Concha, Esteban
|9 16806
|e autor
|
| 700 |
|
|
|a Alarcón Carvacho, Patricio
|9 929
|e profesor guía
|
| 900 |
|
|
|a TPDIF 19
|
| 942 |
|
|
|c TS
|2 ddc
|
| 952 |
|
|
|0 0
|1 0
|4 0
|6 TPDIF_19_000000000000000
|7 0
|8 COMP
|9 83349
|a BC
|b BC
|c Digital
|d 2017-08-03
|o TPDIF 19
|r 2019-01-07 00:00:00
|w 2017-08-03
|y TS
|z Documento en PDF
|B PEDIF
|
| 999 |
|
|
|c 45507
|d 45507
|